Probability and Statistics for Data Science (Record no. 759610)

MARC details
000 -LEADER
fixed length control field 00368nam a2200145 4500
020 ## - INTERNATIONAL STANDARD BOOK NUMBER
ISBN 9788197358913
082 ## - DEWEY DECIMAL CLASSIFICATION NUMBER
Classification number 519.5
Item number PAR.P
084 ## - OTHER CLASSIFICATION NUMBER
Source of Number Colon Classification
100 ## - MAIN ENTRY--AUTHOR NAME
Personal name Parul Mehta
245 ## - TITLE STATEMENT
Title Probability and Statistics for Data Science
260 ## - PUBLICATION, DISTRIBUTION, ETC. (IMPRINT)
Place of publication Jaipur:
Name of publisher Yking books;
Year of publication 2024.
300 ## - PHYSICAL DESCRIPTION
Number of Pages 240p.
942 ## - ADDED ENTRY ELEMENTS (KOHA)
Source of classification or shelving scheme Dewey Decimal Classification
Koha item type Book
Holdings
Withdrawn status Lost status Source of classification or shelving scheme Damaged status Not for loan Collection code Home Library Current Location Shelving location Date acquired Cost, normal purchase price Full call number Accession Number Price effective from Koha item type
    Dewey Decimal Classification     Non-fiction Campus Library Kariavattom Campus Library Kariavattom General Stacks 15/05/2026 1895.00 519.5 PAR.P UCL35423 15/05/2026 Book